Motivi dell'allegria (I) vol. 6 (Record n. 99693)
[ formato base ]
| 000 -LEADER | |
|---|---|
| fixed length control field | 02832njm a2200457Ia 4500 |
| 001 - CONTROL NUMBER | |
| control field | 32945 |
| 003 - CONTROL NUMBER IDENTIFIER | |
| control field | IT-RoPAU |
| 005 - DATE AND TIME OF LATEST TRANSACTION | |
| control field | 20220918181120.0 |
| 008 - FIXED-LENGTH DATA ELEMENTS--GENERAL INFORMATION | |
| fixed length control field | 131025s9999 xx 000 0 und d |
| 040 ## - CATALOGING SOURCE | |
| Original cataloging agency | IT-RoPAU |
| 040 ## - CATALOGING SOURCE | |
| Transcribing agency | IT-RoPAU |
| 041 ## - LANGUAGE CODE | |
| Language code of text/sound track or separate title | ITALIANO |
| 999 ## - SYSTEM CONTROL NUMBERS (KOHA) | |
| Koha Dewey Subclass [OBSOLETE] | n.d. |
| 100 ## - MAIN ENTRY--PERSONAL NAME | |
| Personal name | AA.VV. |
| 9 (RLIN) | 794 |
| 100 ## - MAIN ENTRY--PERSONAL NAME | |
| Relator term | Autore musica |
| 9 (RLIN) | 18880 |
| 100 ## - MAIN ENTRY--PERSONAL NAME | |
| Miscellaneous information | Codice autore musica SPICS: 12000 |
| 9 (RLIN) | 796 |
| 245 ## - TITLE STATEMENT | |
| Title | Motivi dell'allegria (I) vol. 6 |
| 250 ## - EDITION STATEMENT | |
| Edition statement | 1a ed. |
| 260 ## - PUBLICATION, DISTRIBUTION, ETC. (IMPRINT) | |
| Place of publication, distribution, etc. | MILANO |
| 260 ## - PUBLICATION, DISTRIBUTION, ETC. (IMPRINT) | |
| Name of publisher, distributor, etc. | COMBO RECORD |
| Date of publication, distribution, etc. | 1970 [1a Ed.:1970] |
| 300 ## - PHYSICAL DESCRIPTION | |
| Extent | DISCO |
| 500 ## - GENERAL NOTE | |
| General note | Musica folk, popolare |
| 505 ## - FORMATTED CONTENTS NOTE | |
| Formatted contents note | Valzer della fortuna - Stellette - Re di cuori - Ramona - Passione madrilena - Siberiana - Tormento - Valzer spensierato - Sono come tu mi vuoi - Meridiana - Il tango della pampa - Il valzer di Nanù - Leggenda rossa - Monello bruno |
| 511 ## - PARTICIPANT OR PERFORMER NOTE | |
| Participant or performer note | Cantano Adriano Valle; Gabriella Piccinini; Pino Simonetta; Lella Greco e Coro con Rocco Bandera e suo fratello Victor Celli e Cristina Jorio con il Quintetto Allegro |
| 650 ## - SUBJECT ADDED ENTRY--TOPICAL TERM | |
| Topical term or geographic name as entry element | FOLK-POPOLARE [DISCHI] |
| Relator term | Codice MATERIA SPICS: 9950 |
| 9 (RLIN) | 11487 |
| 700 ## - ADDED ENTRY--PERSONAL NAME | |
| Personal name | Di Lazzaro Eldo |
| Dates associated with a name | Codice autore musica SPICS: 13500 |
| Relator term | Autore musica |
| Name of part/section of a work | Valzer della fortuna |
| 9 (RLIN) | 18881 |
| 700 ## - ADDED ENTRY--PERSONAL NAME | |
| Personal name | Mari Astro |
| Dates associated with a name | Codice autore testo/musica SPICS: 13565 |
| Relator term | Autore testo/musica |
| Name of part/section of a work | Valzer della fortuna |
| 9 (RLIN) | 18882 |
| 700 ## - ADDED ENTRY--PERSONAL NAME | |
| Personal name | Stocchetti |
| Dates associated with a name | Codice autore musica SPICS: 28398 |
| Relator term | Autore musica |
| Name of part/section of a work | Stellette - Passione madrilena |
| 9 (RLIN) | 18883 |
| 700 ## - ADDED ENTRY--PERSONAL NAME | |
| Personal name | Cherubini Bixio |
| Dates associated with a name | Codice autore testo/musica SPICS: 13442 |
| Relator term | Autore testo/musica |
| Name of part/section of a work | Stellette - Re di cuori - Passione madrilena - Siberiana - Tormento - Sono come tu mi vuoi - Meridiana - Il tango della pampa - Il valzer di Nanù - Leggenda rossa - Monello bruno |
| 9 (RLIN) | 18884 |
| 700 ## - ADDED ENTRY--PERSONAL NAME | |
| Personal name | Schor Lao |
| Dates associated with a name | Codice autore musica SPICS: 13537 |
| Relator term | Autore musica |
| Name of part/section of a work | Re di cuori |
| 9 (RLIN) | 18885 |
| 700 ## - ADDED ENTRY--PERSONAL NAME | |
| Personal name | Wayne M. |
| Dates associated with a name | Codice autore musica SPICS: 25135 |
| Relator term | Autore musica |
| Name of part/section of a work | Ramona |
| 9 (RLIN) | 18886 |
| 700 ## - ADDED ENTRY--PERSONAL NAME | |
| Personal name | Gilbert |
| Dates associated with a name | Codice autore SPICS: 22535 |
| Relator term | Autore |
| Name of part/section of a work | Ramona |
| 9 (RLIN) | 18887 |
| 700 ## - ADDED ENTRY--PERSONAL NAME | |
| Personal name | Misselvia |
| Dates associated with a name | Codice autore testo/musica SPICS: 14169 |
| Relator term | Autore testo/musica |
| Name of part/section of a work | Ramona |
| 9 (RLIN) | 18888 |
| 700 ## - ADDED ENTRY--PERSONAL NAME | |
| Personal name | Bixio Cesare Andrea |
| Dates associated with a name | Codice autore musica SPICS: 13441 |
| Relator term | Autore musica |
| Name of part/section of a work | Siberiana - Sono come tu mi vuoi - Il tango della pampa - Il valzer di Nanù |
| 9 (RLIN) | 18890 |
| 700 ## - ADDED ENTRY--PERSONAL NAME | |
| Personal name | Rusconi Gerardo |
| Dates associated with a name | Codice autore musica SPICS: 13276 |
| Relator term | Autore musica |
| Name of part/section of a work | Tormento - Meridiana |
| 9 (RLIN) | 18891 |
| 700 ## - ADDED ENTRY--PERSONAL NAME | |
| Personal name | Giuliani Gilda |
| Dates associated with a name | Codice autore musica SPICS: 14332 |
| Relator term | Autore musica |
| Name of part/section of a work | Valzer spensierato |
| 9 (RLIN) | 18892 |
| 700 ## - ADDED ENTRY--PERSONAL NAME | |
| Personal name | Bracchi Alfredo |
| Dates associated with a name | Codice autore testo/musica SPICS: 13448 |
| Relator term | Autore testo/musica |
| Name of part/section of a work | Valzer spensierato |
| 9 (RLIN) | 18893 |
| 700 ## - ADDED ENTRY--PERSONAL NAME | |
| Personal name | Fragna Armando |
| Dates associated with a name | Codice autore musica SPICS: 13570 |
| Relator term | Autore musica |
| Name of part/section of a work | Leggenda rossa |
| 9 (RLIN) | 18894 |
| 700 ## - ADDED ENTRY--PERSONAL NAME | |
| Personal name | Pasargiklian |
| Dates associated with a name | Codice autore musica SPICS: 25685 |
| Relator term | Autore musica |
| Name of part/section of a work | Monello bruno |
| 9 (RLIN) | 18895 |
| 942 ## - ADDED ENTRY ELEMENTS (KOHA) | |
| Koha item type | DISCHI |
| Source of classification or shelving scheme | Dewey Decimal Classification |
| Withdrawn status | Lost status | Damaged status | Not for loan | Home library | Current library | Date acquired | Total Checkouts | Full call number | Date last seen | Price effective from | Koha item type | Public note |
|---|---|---|---|---|---|---|---|---|---|---|---|---|
| Buone Condizioni | Not For Loan | SPICS-MEDIATECA | SPICS-MEDIATECA | 25/10/2013 | 32945 | 25/10/2013 | 25/10/2013 | DISCHI | Progr. Ins.: 12201 / N.Vol.: n.d. / Copie: 1 - Copia rara: n.d. / date import: 01.01.2014 - By Epidotti, Trombetti, Vaglietti |